[Event "III Memorial Oliver Gonzalez (Torneo A)"]
[Site "Polideportivo Daoiz y Velarde,"]
[Date "2012.09.09"]
[Round "9"]
[White "Ciuro Muñoz, Ricardo"]
[Black "Castellanos, Jorge"]
[Result "1/2-1/2"]
[WhiteElo "2102"]
[BlackElo "2201"]
[PlyCount "51"]
[EventDate "2012.09.01"]
[EventRounds "9"]
[EventCountry "ESP"]

1. Nf3 g6 2. g3 Bg7 3. Bg2 e5 4. d3 Ne7 5. e4 O-O 6. O-O d5 7. Qe2 Nbc6 8. Bg5
h6 9. Bd2 Bg4 10. h3 Nd4 11. Qd1 Be6 12. Bb4 Re8 13. Nbd2 Nec6 14. Bc3 Qd7 15.
Bxd4 exd4 16. Kh2 Re7 17. Re1 Rae8 18. a3 dxe4 19. Rxe4 f5 20. Re2 f4 21. g4
Bd5 22. Rxe7 Rxe7 23. Qf1 Ne5 24. Nxe5 Bxe5 25. Bxd5+ Qxd5 26. f3 1/2-1/2

[Event "III Memorial Oliver Gonzalez (Torneo A)"]
[Site "Polideportivo Daoiz y Velarde,"]
[Date "2012.09.09"]
[Round "9"]
[White "Gonzalez Mateos, Rafael"]
[Black "Dierssen Garcia-Barredo, Guill"]
[Result "1-0"]
[WhiteElo "2161"]
[BlackElo "1862"]
[PlyCount "105"]
[EventDate "2012.09.01"]
[EventRounds "9"]
[EventCountry "ESP"]

1. d4 Nf6 2. c3 g6 3. Bg5 Bg7 4. Nd2 d5 5. e3 Nbd7 6. f4 c5 7. Ngf3 Qb6 8. Qb3
Ng4 9. Qxb6 axb6 10. Ke2 f6 11. Bh4 e5 12. h3 Nh6 13. g4 exf4 14. exf4 O-O 15.
Bg2 Re8+ 16. Kf2 Nf8 17. Rhe1 Bd7 18. dxc5 bxc5 19. Nb3 Ne6 20. Bg3 c4 21. Nbd4
Nc5 22. Rxe8+ Rxe8 23. Ne1 Ne4+ 24. Bxe4 Rxe4 25. Nec2 Nf7 26. Rd1 Bf8 27. Ne3
Bc6 28. Nxc6 bxc6 29. Nc2 Re8 30. Kf3 Ra8 31. a3 Nd6 32. Nb4 Rb8 33. f5 gxf5
34. Nxc6 fxg4+ 35. hxg4 Rxb2 36. Rxd5 Nb5 37. Rd8 Kf7 38. a4 Nxc3 39. a5 Nb5
40. Rc8 c3 41. Nd8+ Ke7 42. Bf4 Kd7 43. Ra8 Bc5 44. Nb7 Nd4+ 45. Ke4 Rxb7 46.
Kd5 Rb5 47. Kc4 Nc6 48. Kxb5 Ba3 49. Rh8 c2 50. Rxh7+ Ke6 51. Kxc6 c1=Q+ 52.
Bxc1 Bxc1 53. a6 1-0

[Event "III Memorial Oliver Gonzalez (Torneo A)"]
[Site "Polideportivo Daoiz y Velarde,"]
[Date "2012.09.09"]
[Round "9"]
[White "Ginesta Caballero, Olga Lucia"]
[Black "Pascual Palomo, Lucia"]
[Result "1-0"]
[WhiteElo "2099"]
[BlackElo "2120"]
[PlyCount "89"]
[EventDate "2012.09.01"]
[EventRounds "9"]
[EventCountry "ESP"]

1. e4 e6 2. d3 c5 3. Nf3 d6 4. Be2 Nc6 5. c3 g6 6. O-O Bg7 7. Be3 Nge7 8. Nbd2
O-O 9. Nb3 f5 10. Qd2 c4 11. dxc4 fxe4 12. Ng5 d5 13. Nc5 Rf6 14. Rad1 Qa5 15.
b4 Qc7 16. b5 Ne5 17. Bd4 b6 18. Nb3 Rf5 19. c5 h6 20. Nh3 Nf3+ 21. Bxf3 exf3
22. Bxg7 fxg2 23. Kxg2 Kxg7 24. Nd4 Rf6 25. c6 e5 26. Ne2 Bxh3+ 27. Kxh3 Qc8+
28. Kg2 Qg4+ 29. Ng3 h5 30. f3 Qe6 31. Qg5 Kh7 32. Rde1 Nf5 33. a4 Raf8 34. Rf2
e4 35. f4 Nd6 36. Ne2 e3 37. Rf3 Nc4 38. Nd4 Qe4 39. c7 Qe7 40. f5 Ne5 41.
Rfxe3 gxf5 42. Rxe5 Qd6 43. Re7+ R6f7 44. Qxh5+ Kg7 45. Nxf5+ 1-0

[Event "III Memorial Oliver Gonzalez (Torneo A)"]
[Site "Polideportivo Daoiz y Velarde,"]
[Date "2012.09.09"]
[Round "9"]
[White "Martin Martin, Luis Vicente"]
[Black "Veiga Rodriguez, Pablo"]
[Result "0-1"]
[WhiteElo "2069"]
[BlackElo "1602"]
[PlyCount "68"]
[EventDate "2012.09.01"]
[EventRounds "9"]
[EventCountry "ESP"]

1. d4 Nf6 2. Bf4 d5 3. e3 c5 4. c3 e6 5. Nf3 Nc6 6. Nbd2 h6 7. Bd3 Nh5 8. Bg3
Nxg3 9. hxg3 c4 10. Bc2 f5 11. g4 g6 12. gxf5 exf5 13. Nh4 Rg8 14. Qe2 Be7 15.
g3 Bg5 16. Nhf3 h5 17. Nxg5 Qxg5 18. O-O-O Bd7 19. Nxc4 dxc4 20. Qxc4 Ne7 21.
Ba4 Rd8 22. d5 Rg7 23. Rh4 Nc8 24. d6 Bxa4 25. Qxa4+ Rgd7 26. Qd4 Rxd6 27. Qh8+
Kd7 28. Qg7+ Ke6 29. Rhd4 Rxd4 30. cxd4 Ne7 31. Kb1 Qf6 32. Qh6 Nd5 33. e4 fxe4
34. Re1 Qf5 0-1

[Event "III Memorial Oliver Gonzalez (Torneo A)"]
[Site "Polideportivo Daoiz y Velarde,"]
[Date "2012.09.09"]
[Round "9"]
[White "Lopez Ziegler, Carlos"]
[Black "Perez Cameselle, Francisco"]
[Result "1/2-1/2"]
[WhiteElo "1918"]
[BlackElo "1836"]
[PlyCount "85"]
[EventDate "2012.09.01"]
[EventRounds "9"]
[EventCountry "ESP"]

1. e4 e6 2. d3 d5 3. Qe2 Nf6 4. f4 Be7 5. Nd2 c5 6. Ngf3 Nc6 7. c3 O-O 8. h3
dxe4 9. Nxe4 Nxe4 10. dxe4 Bh4+ 11. Nxh4 Qxh4+ 12. Qf2 Qxf2+ 13. Kxf2 f5 14. e5
b6 15. Be3 Bb7 16. Bc4 Kf7 17. Rad1 Rfd8 18. Rhg1 Rxd1 19. Rxd1 Rd8 20. Rxd8
Nxd8 21. b4 cxb4 22. cxb4 Nc6 23. a3 Ne7 24. g3 Bd5 25. Be2 Bb3 26. Bb5 Nd5 27.
Bd2 Nc7 28. Bd3 Ba4 29. Ke3 Nb5 30. Bxb5 Bxb5 {(=)} 31. Kd4 Ke7 32. Be3 Kd7 33.
Bd2 Kc6 34. Be1 h5 35. h4 Ba4 36. Bd2 b5 37. Bc3 a6 38. Bd2 Bb3 39. Bc3 g6 40.
Bd2 Bd5 41. Bc3 Bb3 42. Bd2 Bd5 43. Bc3 1/2-1/2

[Event "III Memorial Oliver Gonzalez (Torneo A)"]
[Site "Polideportivo Daoiz y Velarde,"]
[Date "2012.09.09"]
[Round "9"]
[White "Laynez Aspenberg, Jose"]
[Black "Lopez Moll, Jose Manuel"]
[Result "0-1"]
[WhiteElo "1915"]
[BlackElo "1991"]
[PlyCount "74"]
[EventDate "2012.09.01"]
[EventRounds "9"]
[EventCountry "ESP"]

1. d4 d6 2. c4 e5 3. Nc3 exd4 4. Qxd4 Nc6 5. Qd2 Nf6 6. b3 g6 7. Bb2 Bg7 8. g3
O-O 9. Nh3 Bf5 10. Bg2 Re8 11. O-O Ne4 12. Nxe4 Bxe4 13. Bxg7 Bxg2 14. Kxg2
Kxg7 15. Rfe1 Qf6 16. Nf4 Rac8 17. Rad1 Qe5 18. e4 f6 19. Re2 g5 20. Nd5 h6 21.
Re3 Ne7 22. f4 Qe6 23. Rde1 c6 24. Nc3 gxf4 25. gxf4 Kh7 26. Qd3 Ng6 27. Ne2
Qg4+ 28. Rg3 Qxe2+ 29. Rxe2 Nxf4+ 30. Kf2 Nxd3+ 31. Rxd3 Re6 32. Kf3 Rce8 33.
Red2 Rxe4 34. Rxd6 Kg6 35. Rg2+ Kf5 36. Rdd2 Rf4+ 37. Kg3 Re3# 0-1

[Event "III Memorial Oliver Gonzalez (Torneo A)"]
[Site "Polideportivo Daoiz y Velarde,"]
[Date "2012.09.09"]
[Round "9"]
[White "Corisco Beltran, Rafael"]
[Black "Largo Barbero, Benito"]
[Result "0-1"]
[WhiteElo "1979"]
[BlackElo "1885"]
[PlyCount "78"]
[EventDate "2012.09.01"]
[EventRounds "9"]
[EventCountry "ESP"]

1. e4 e6 2. d4 d5 3. Nc3 h6 4. Bd3 c5 5. dxc5 Bxc5 6. exd5 exd5 7. Nxd5 Ne7 8.
Nxe7 Qxe7+ 9. Ne2 Nc6 10. O-O O-O 11. c3 Ne5 12. Be4 Ng4 13. Qd3 Be6 14. Bf4
Rad8 15. Qc2 g5 16. Bc1 f5 17. Bf3 Nxf2 18. Nd4 Ne4 19. Be3 Bd5 20. Rae1 Bc4
21. Rf2 Nxf2 22. Bxf2 Qf6 23. b3 Bf7 24. b4 Bb6 25. Nxf5 Bxf2+ 26. Kxf2 Rde8
27. Rd1 Rc8 28. Kg1 Rxc3 29. Nxh6+ Kg7 30. Nf5+ Kh7 31. Qb2 Rfc8 32. Nd6 Rd8
33. Be4+ Bg6 34. Bxg6+ Kxg6 35. Qb1+ Kg7 36. Ne4 Rxd1+ 37. Qxd1 Qb6+ 38. Kh1
Rc7 39. Nxg5 Qe3 0-1